| 000 | 00518nam a2200193Ia 4500 | ||
|---|---|---|---|
| 005 | 20260429112119.0 | ||
| 008 | 260429s9999||||xx |||||||||||||| ||und|| | ||
| 020 | _a9788120416451 | ||
| 041 | _aEnglish | ||
| 082 |
_a576 _bSUL |
||
| 100 | _aSullia, S. B. | ||
| 245 | 0 |
_aGeneral microbiology / _cS. B. Sullia |
|
| 250 | _a2nd rev. ed. | ||
| 260 |
_aNew Delhi : _bOxford and IBH Publishing Co. Pvt. Ltd., _c2025. |
||
| 300 | _av, 522 p.; pbk | ||
| 650 | _aMicrobiology | ||
| 700 | _a Shantharam, S. | ||
| 942 | _cTB | ||
| 999 |
_c52419 _d52419 |
||